Legislation affecting foreign investments and holdings.

Bibliographic Details
Format: Government Document eBook
Language:English
Published: Washington, D.C. : [publisher not identified], 1924.
Series:Finance and Investment Div. Spec. Circ. No. 73
Subjects:
Online Access:Connect to the full text of this electronic document

MARC

Tag First Indicator Second Indicator Subfields
LEADER 00000cam a22000001a 4500
001 in00003676972
005 20190408174858.0
006 m o d f
007 cr bn mmmapmmp
008 040714s1924 dcu o f000 0 eng d
035 |a ebd1910203564 
040 |a UMI  |c UMI  |d UtOrBLW 
086 0 |a C 18.135:73 
099 |a C18.135-73 
245 0 0 |a Legislation affecting foreign investments and holdings. 
264 1 |a Washington, D.C. :  |b [publisher not identified],  |c 1924. 
300 |a 1 online resource (2 pages) 
336 |a text  |b txt  |2 rdacontent 
337 |a computer  |b c  |2 rdamedia 
338 |a online resource  |b cr  |2 rdacarrier 
490 0 |a Finance and Investment Div. Spec. Circ. No. 73 
500 |a [On Italian laws] 
500 |a Record is based on bibliographic data in ProQuest U.S. Executive Branch Documents, 1910-1932. Reuse except for individual research requires license from ProQuest, LLC. 
533 |a Electronic reproduction.  |b [Bethesda, Md.] :  |c ProQuest,  |d 2012.  |e digital, PDF file.  |n ProQuest U.S. Executive Branch Documents, 1910-1932.  |n Mode of access: World Wide Web via ProQuest website. 
538 |a System requirements: PDF reader software. 
500 |a Electronic resource. 
650 0 |a Investments, Foreign.  |0 http://id.loc.gov/authorities/subjects/sh85067736 
655 7 |a Electronic books.  |2 local 
776 1 8 |i Microfiche version:  |t Legislation affecting foreign investments and holdings  |o CIS US Exec MF C18.135-73  |w (ProQuest)cis19123133 
856 4 0 |u http://proxy.library.tamu.edu/login?url=http://congressional.proquest.com/congressional/docview/t66.d71.c18.135-73  |z Connect to the full text of this electronic document  |t 0 
999 f f |s 76d631ec-4992-336d-a605-8d284500f0b3  |i eb4315d5-11bb-3d4e-8cf7-0f9438b66e94  |t 0 
952 f f |a Texas A&M University  |b College Station  |c Electronic Resources  |d Available Online  |t 0  |h No information provided 
998 f f |t 0  |l Available Online